00119 2200061 4500001002100000990001800021990001800039INLIS000000000008857 a012472.024219 a012472.024219